000 01076nam a22003377a 4500
001 000733
003 DO-SdBNP
005 20180209134035.0
007 000733
008 161123b 1992 sp a ||||| |||| 00| 0 spa d
020 _a8434829193
040 _aBPMSU
_bspa
_cBPMSU
100 1 _aLarreula, Enric,
_d1941-
240 1 _aBrillant.
_lEspañol
245 1 0 _aBrillante /
_cEnric Larreula ; [ilustraciones, Olga Pérez ; traducción del catalán, Angelina Gatell.
250 _a3ª ed.
260 _aMadrid :
_bSM,
_c1992.
300 _a143 p. :
_bil. ;
_c19 cm.
490 1 _aBarco de vapor. Serie naranja
_v63
490 1 _aEl barco de vapor
_v188
500 _a"A partir de 9 años"
500 _aTraducción de: El petit roure
586 _aPremio El Vaixell de Vapor 1987
700 1 2 _aPérez, Olga,
_eil.
700 1 2 _aGatell, Angelina,
_d1926-
_etr.
830 0 _aBarco de vapor. Serie naranja ;
_v63
830 0 _aEl barco de vapor ;
_v188
942 _2ddc
_cBK
945 _aInventariado, 2018 /LP
956 _aLOPEREZ
_b10
_c20161123
_hBPMSU
999 _c12066
_d12066